000 00848nam a2200277Ia 4500
003 SMC
005 20170208121719.0
008 160418s9999 xx 000 0 und d
020 _a971-922-380-4
050 _aFIL LG 976.A3
050 _b.T86 2001 c.3
100 _aTungpalan, Luz Buenavista -
245 _aAction oriented leadership and J.V. Sotejo :
245 _ba biography /
245 _cLuz Buenavista-Tungpalan.
260 _aManila :
260 _bU.P. College of Nursing Found., Inc.,
260 _c2001
300 _a546 pages :
300 _bcolor illustrations ;
300 _c23 cm.
500 _aIncludes index.
650 _aUniversity of the Philippines (Manila) -- College of nursing -- Faculty -- Biography.
650 _xUniversity of the Philippines (Manila) -- College of nursing.
942 _2lcc
_cBK
999 _c293651
_d293651